Physical geology : (Record no. 1987)

MARC details
000 -LEADER
fixed length control field 01040nac a22003131i 4500
003 - CONTROL NUMBER IDENTIFIER
control field EG-ScBUE
005 - DATE AND TIME OF LATEST TRANSACTION
control field 20260316103327.0
008 - FIXED-LENGTH DATA ELEMENTS--GENERAL INFORMATION
fixed length control field 260316t2007 cauab f d 001 0 eng d
020 ## - INTERNATIONAL STANDARD BOOK NUMBER
International Standard Book Number 049510583X
020 ## - INTERNATIONAL STANDARD BOOK NUMBER
International Standard Book Number 9780495105831
040 ## - CATALOGING SOURCE
Original cataloging agency EG-ScBUE
Language of cataloging eng
Description conventions rda
Transcribing agency EG-ScBUE
Modifying agency EG-ScBUE
082 04 - DEWEY DECIMAL CLASSIFICATION NUMBER
Classification number 550
Item number MON
Edition number 22
100 1# - MAIN ENTRY--PERSONAL NAME
Personal name Monroe , James S.,
Relator term author.
245 10 - TITLE STATEMENT
Title Physical geology :
Remainder of title exploring the earth /
Statement of responsibility, etc James S. Monroe, Reed Wicander, Richard Hazlett.
250 ## - EDITION STATEMENT
Edition statement Sixth edition.
264 #1 - PUBLICATION, DISTRIBUTION, ETC. (IMPRINT)
Place of publication, distribution, etc Belmont, CA :
Name of publisher, distributor, etc Thomson Brooks/Cole,
Date of publication, distribution, etc [2007]
264 #4 - PUBLICATION, DISTRIBUTION, ETC. (IMPRINT)
Date of publication, distribution, etc c2007
300 ## - PHYSICAL DESCRIPTION
Extent xxiv, 690 pages :
Other physical details illustrations (some color), maps (some color) ;
Dimensions 28 cm
336 ## - CONTENT TYPE
Source rdacontent
Content type term text
Content type code txt
337 ## - MEDIA TYPE
Media type term unmediated
Source rdamedia
Media type code n
338 ## - CARRIER TYPE
Carrier type term volume
Carrier type code nc
Source rdacarrier
500 ## - GENERAL NOTE
General note Includes glossary.<br/>
500 ## - GENERAL NOTE
General note Includes index.<br/>
650 #7 - SUBJECT ADDED ENTRY--TOPICAL TERM
Topical term or geographic name as entry element Physical geology
Form subdivision Textbooks.
Source of heading or term BUEsh
655 ## - INDEX TERM--GENRE/FORM
Form subdivision Reading book
700 1# - ADDED ENTRY--PERSONAL NAME
Personal name Wicander, Reed,
Dates associated with a name 1946-
Relator term author.
700 1# - ADDED ENTRY--PERSONAL NAME
Personal name Hazlett, Richard W.,
Relator term author.
942 ## - ADDED ENTRY ELEMENTS (KOHA)
Koha item type Book - Borrowing
Source of classification or shelving scheme Dewey Decimal Classification
Holdings
Withdrawn status Lost status Damaged status Not for loan Home library Current library Shelving location Date acquired Source of acquisition Total Checkouts Total Renewals Full call number Barcode Date last seen Date checked out Cost, replacement price Price effective from Koha item type
        Central Library Central Library First floor 06/02/2007 Purchase 10 11 550 MON 000002336 15/07/2025 20/06/2022 359.00 06/02/2007 Book - Borrowing